[Event "43. India ch"]
[Site "Visakhapatnam IND"]
[Date "2006.04.03"]
[Round "1"]
[White "Bakre, Tejas"]
[Black "Sandipan, Chanda"]
[Result "0-1"]
[WhiteElo "2480"]
[BlackElo "2522"]
[PlyCount "114"]
[EventDate "2006.04.03"]
[EventType "tourn"]
[EventRounds "21"]
[EventCountry "IND"]
[Source "lmi"]
[SourceDate "2006.04.17"]

1. e4 c5 2. Nf3 d6 3. d4 cxd4 4. Nxd4 Nf6 5. Nc3 a6 6. Be3 e6 7. f4 b5 8. Qf3
Bb7 9. Bd3 Nbd7 10. Nce2 h5 11. Nb3 Nc5 12. Nd2 d5 13. Bxc5 Bxc5 14. O-O-O Qb6
15. Ng3 h4 16. Ngf1 dxe4 17. Nxe4 O-O-O 18. Nfd2 Be3 19. Rhe1 Bxd2+ 20. Rxd2
Qa5 21. Qf2 Qxa2 22. Qc5+ Kb8 23. Qa3 Qxa3 24. bxa3 Nxe4 25. Bxe4 Rxd2 26. Kxd2
h3 27. g3 Bxe4 28. Rxe4 Rd8+ 29. Ke2 Rc8 30. Kd3 Rc5 31. a4 Kc7 32. axb5 axb5
33. c3 Kd6 34. Re1 Rd5+ 35. Ke2 Ke7 36. Ra1 g5 37. fxg5 Rxg5 38. Ra7+ Kf6 39.
Kd2 Rf5 40. Ke2 Kg5 41. Rc7 Kg4 42. Rc8 Re5+ 43. Kf2 f5 44. Rg8+ Kh5 45. Rh8+
Kg5 46. Rxh3 Rc5 47. Rh4 Rxc3 48. Rb4 Rc5 49. Kf3 e5 50. h3 e4+ 51. Ke3 Rc3+
52. Kf2 Rc2+ 53. Kg1 e3 54. Kf1 Rf2+ 55. Ke1 Rg2 56. g4 f4 57. Rxb5+ Kh4 0-1

[Event "43. India ch"]
[Site "Visakhapatnam IND"]
[Date "2006.04.03"]
[Round "1.1"]
[White "Deepan Chakkravarthy, J."]
[Black "Thejkumar, MS."]
[Result "1-0"]
[WhiteElo "2428"]
[BlackElo "2384"]
[PlyCount "97"]
[EventDate "2006.04.03"]
[EventType "tourn"]
[EventRounds "21"]
[EventCountry "IND"]
[Source "lmi"]
[SourceDate "2006.04.17"]

1. e4 c6 2. d4 d5 3. Nd2 dxe4 4. Nxe4 Bf5 5. Ng3 Bg6 6. h4 h6 7. Nf3 Nd7 8. h5
Bh7 9. Bd3 Bxd3 10. Qxd3 e6 11. Bf4 Qa5+ 12. Bd2 Qc7 13. O-O-O Ngf6 14. Kb1
O-O-O 15. c4 Be7 16. Bc3 Rhe8 17. Qe2 c5 18. dxc5 Bxc5 19. Nd2 Bd6 20. Nde4
Bxg3 21. Nxg3 Qc6 22. f3 Nc5 23. Qe3 Rxd1+ 24. Rxd1 Rd8 25. Rxd8+ Kxd8 26.
Bxf6+ gxf6 27. Qxh6 Qd6 28. Qe3 Qxg3 29. Qxc5 Qxg2 30. a3 Qxf3 31. Ka2 Qf4 32.
Qa5+ Kd7 33. Qc5 Kd8 34. Qf8+ Kd7 35. Qxf7+ Kd6 36. Kb3 b6 37. Qxa7 Qf3+ 38.
Ka2 Qxh5 39. Qxb6+ Kd7 40. a4 f5 41. Qb5+ Kc7 42. a5 Qf3 43. Qb6+ Kd7 44. a6
Qe4 45. Kb3 f4 46. a7 f3 47. c5 f2 48. c6+ Ke7 49. Qc5+ 1-0

[Event "43. India ch"]
[Site "Visakhapatnam IND"]
[Date "2006.04.03"]
[Round "1.3"]
[White "Roy Chowdhury, Saptarshi"]
[Black "Kunte, Abhijit"]
[Result "1/2-1/2"]
[WhiteElo "2393"]
[BlackElo "2551"]
[PlyCount "31"]
[EventDate "2006.04.03"]
[EventType "tourn"]
[EventRounds "21"]
[EventCountry "IND"]
[Source "lmi"]
[SourceDate "2006.04.17"]

1. d4 Nf6 2. Nf3 g6 3. Nbd2 d5 4. e3 Bg7 5. Be2 O-O 6. O-O b6 7. c4 Bb7 8. b3
Nbd7 9. Bb2 e6 10. Rc1 c5 11. cxd5 exd5 12. dxc5 bxc5 13. Ne5 Nxe5 14. Bxe5 Rc8
15. Bf3 Re8 16. Bb2 1/2-1/2

[Event "43. India ch"]
[Site "Visakhapatnam IND"]
[Date "2006.04.03"]
[Round "1.6"]
[White "Das, Arghyadip"]
[Black "Sivanandan, BS."]
[Result "1/2-1/2"]
[WhiteElo "2402"]
[BlackElo "2452"]
[PlyCount "87"]
[EventDate "2006.04.03"]
[EventType "tourn"]
[EventRounds "21"]
[EventCountry "IND"]
[Source "lmi"]
[SourceDate "2006.04.17"]

1. e4 e5 2. Nf3 Nf6 3. Nxe5 d6 4. Nf3 Nxe4 5. Nc3 Nxc3 6. dxc3 Be7 7. Bf4 Nd7
8. Qd2 O-O 9. O-O-O Nc5 10. Kb1 Re8 11. Bc4 Be6 12. Bxe6 Nxe6 13. Bg3 Qd7 14.
h4 Qb5 15. h5 h6 16. Rde1 Bf6 17. Bh4 Bxh4 18. Rxh4 Ng5 19. Nxg5 Qxg5 20. Qxg5
Rxe1+ 21. Qc1 Rae8 22. Rh1 Rxc1+ 23. Kxc1 Re2 24. Rf1 f5 25. Kd1 Re5 26. Rh1
Kf7 27. Kd2 Kf6 28. f4 Re4 29. g3 d5 30. b3 a5 31. Rf1 Ke6 32. Rf3 b5 33. a3 c6
34. Rf1 Kd6 35. Rf2 Kc5 36. Rf3 Kd6 37. Rf2 c5 38. Rf3 c4 39. Re3 Ke6 40. bxc4
bxc4 41. Re1 Rxe1 42. Kxe1 Kd6 43. Kd2 Kc5 44. a4 1/2-1/2

[Event "43. India ch"]
[Site "Visakhapatnam IND"]
[Date "2006.04.03"]
[Round "1.9"]
[White "Girinath, PDS."]
[Black "Venkatesh, MR."]
[Result "0-1"]
[WhiteElo "2350"]
[BlackElo "2438"]
[PlyCount "74"]
[EventDate "2006.04.03"]
[EventType "tourn"]
[EventRounds "21"]
[EventCountry "IND"]
[Source "lmi"]
[SourceDate "2006.04.17"]

1. e4 c5 2. Nf3 Nc6 3. Bb5 Nf6 4. Nc3 Qc7 5. O-O Nd4 6. Re1 a6 7. Bf1 Ng4 8. g3
Nxf3+ 9. Qxf3 Ne5 10. Qd1 e6 11. b3 Be7 12. Bb2 O-O 13. f4 Ng6 14. Bg2 d6 15.
Qh5 Rb8 16. e5 f5 17. exf6 Bxf6 18. Nd1 Bxb2 19. Nxb2 b5 20. Nd3 c4 21. Nf2 Qb6
22. Re3 d5 23. Rae1 Kh8 24. c3 Bd7 25. Nh3 e5 26. Ng5 h6 27. fxe5 Rf5 28. h4
Ne7 29. e6 Be8 30. Qg4 hxg5 31. hxg5 Bg6 32. Bh3 Kg8 33. R1e2 Rbf8 34. Bg2 Re5
35. Kh2 Rxe3 36. Rxe3 Rf2 37. Re2 Bf5 0-1

[Event "43. India ch"]
[Site "Visakhapatnam IND"]
[Date "2006.04.03"]
[Round "1.10"]
[White "Kamble, Vikramaditya"]
[Black "Sriram, Jha"]
[Result "1/2-1/2"]
[WhiteElo "2403"]
[BlackElo "2444"]
[PlyCount "45"]
[EventDate "2006.04.03"]
[EventType "tourn"]
[EventRounds "21"]
[EventCountry "IND"]
[Source "lmi"]
[SourceDate "2006.04.17"]

1. d4 d5 2. c4 c6 3. cxd5 cxd5 4. Nf3 Nc6 5. Nc3 Nf6 6. Bf4 a6 7. Rc1 Bf5 8. e3
Rc8 9. Be2 e6 10. O-O Bd6 11. Ne5 Bxe5 12. Bxe5 Nxe5 13. dxe5 Nd7 14. g4 Bg6
15. f4 f5 16. exf6 Nxf6 17. g5 Ne4 18. Nxe4 Rxc1 19. Qxc1 Bxe4 20. Bg4 Kf7 21.
Qc3 Re8 22. Rc1 Qd6 23. Qc7+ 1/2-1/2

[Event "43. India ch"]
[Site "Visakhapatnam IND"]
[Date "2006.04.04"]
[Round "2.1"]
[White "Sandipan, Chanda"]
[Black "Ramesh, RB."]
[Result "1/2-1/2"]
[WhiteElo "2522"]
[BlackElo "2491"]
[PlyCount "59"]
[EventDate "2006.04.03"]
[EventType "tourn"]
[EventRounds "21"]
[EventCountry "IND"]
[Source "lmi"]
[SourceDate "2006.04.17"]

1. e4 e5 2. Nf3 Nf6 3. Nxe5 d6 4. Nf3 Nxe4 5. Nc3 Nxc3 6. dxc3 Be7 7. Bf4 O-O
8. Qd2 Nd7 9. O-O-O Nc5 10. h4 Bf6 11. Ng5 Qd7 12. f3 b6 13. Kb1 a5 14. Be3 Bb7
15. Bd3 Nxd3 16. Qxd3 g6 17. h5 Bxg5 18. Bxg5 Qf5 19. Qxf5 gxf5 20. Rh3 f6 21.
Bh6 Rf7 22. Re1 Bc6 23. Rhh1 Rd7 24. Rh4 Kf7 25. Rf4 Rg8 26. g4 fxg4 27. fxg4
Re7 28. Ref1 Ke8 29. b3 Re6 30. Rxf6 1/2-1/2

[Event "43. India ch"]
[Site "Visakhapatnam IND"]
[Date "2006.04.04"]
[Round "2.4"]
[White "Koneru, Humpy"]
[Black "Das, Arghyadip"]
[Result "1-0"]
[WhiteElo "2537"]
[BlackElo "2402"]
[PlyCount "99"]
[EventDate "2006.04.03"]
[EventType "tourn"]
[EventRounds "21"]
[EventCountry "IND"]
[Source "lmi"]
[SourceDate "2006.04.17"]

1. Nf3 Nf6 2. c4 b6 3. g3 Bb7 4. Bg2 e6 5. O-O Be7 6. d4 O-O 7. Nc3 Ne4 8. Qc2
Nxc3 9. Qxc3 Be4 10. b3 f5 11. Bb2 Bf6 12. Qd2 d6 13. Ne1 Bxg2 14. Nxg2 Nd7 15.
Qc2 Re8 16. Rfe1 c5 17. Rad1 Qc7 18. d5 Bxb2 19. dxe6 Nf8 20. Qxb2 Nxe6 21. e3
Rad8 22. Rd5 g6 23. Red1 Qe7 24. h4 Rd7 25. Ne1 Red8 26. Nf3 Nc7 27. R5d3 d5
28. Qd2 a5 29. a4 Rd6 30. Kh2 Qf6 31. Kg2 Kg7 32. Kf1 Kh8 33. Qc2 Kg7 34. R1d2
dxc4 35. bxc4 Rxd3 36. Rxd3 Ne8 37. Rxd8 Qxd8 38. Qb2+ Nf6 39. h5 Qd6 40. Ke2
Kg8 41. h6 Kf7 42. Ng5+ Ke7 43. Nxh7 Nxh7 44. Qg7+ Ke8 45. Qxh7 Qe6 46. Qh8+
Kf7 47. Qc3 Qf6 48. Qxf6+ Kxf6 49. f4 Kf7 50. e4 1-0

[Event "43. India ch"]
[Site "Visakhapatnam IND"]
[Date "2006.04.04"]
[Round "2.6"]
[White "Sundararajan, Kidambi"]
[Black "Roy Chowdhury, Saptarshi"]
[Result "1/2-1/2"]
[WhiteElo "2495"]
[BlackElo "2393"]
[PlyCount "31"]
[EventDate "2006.04.03"]
[EventType "tourn"]
[EventRounds "21"]
[EventCountry "IND"]
[Source "lmi"]
[SourceDate "2006.04.17"]

1. d4 d5 2. Nf3 Nc6 3. c4 Bg4 4. Nc3 e6 5. cxd5 exd5 6. Bf4 Bd6 7. Bg3 Nge7 8.
e3 O-O 9. Be2 Ng6 10. Rc1 Nce7 11. Bxd6 Qxd6 12. O-O c6 13. Na4 Nc8 14. Nc5 Qe7
15. b4 Nd6 16. a4 1/2-1/2

[Event "43. India ch"]
[Site "Visakhapatnam IND"]
[Date "2006.04.04"]
[Round "2.7"]
[White "Gupta, Abhijeet"]
[Black "Ravi, Lanka"]
[Result "1-0"]
[WhiteElo "2434"]
[BlackElo "2423"]
[PlyCount "85"]
[EventDate "2006.04.03"]
[EventType "tourn"]
[EventRounds "21"]
[EventCountry "IND"]
[Source "lmi"]
[SourceDate "2006.04.17"]

1. d4 Nf6 2. c4 c5 3. d5 e6 4. Nc3 exd5 5. cxd5 d6 6. e4 g6 7. Nf3 a6 8. a4 Bg4
9. Be2 Bxf3 10. Bxf3 Bg7 11. O-O O-O 12. Bf4 Qe7 13. Qc2 Nbd7 14. Rfe1 Rab8 15.
a5 b5 16. axb6 Rxb6 17. Ra2 Ne8 18. Rea1 Nc7 19. Be2 Rfb8 20. Bc1 Nb5 21. Nxb5
axb5 22. Ra7 Bd4 23. Bf1 Qe8 24. Kh1 h5 25. Bf4 Nf6 26. f3 Nh7 27. R1a6 Qd8 28.
Qd2 b4 29. Rxb6 Rxb6 30. b3 g5 31. Be3 Bxe3 32. Qxe3 Qf6 33. Bc4 Qe5 34. g3 Nf6
35. h4 gxh4 36. gxh4 Nh7 37. Ra8+ Kg7 38. f4 Qf6 39. Qg3+ Qg6 40. Qxg6+ Kxg6
41. e5 Kg7 42. Ra7 Kf8 43. e6 1-0

[Event "43. India ch"]
[Site "Visakhapatnam IND"]
[Date "2006.04.04"]
[Round "2.8"]
[White "Sivanandan, BS."]
[Black "Girinath, PDS."]
[Result "1/2-1/2"]
[WhiteElo "2452"]
[BlackElo "2350"]
[PlyCount "224"]
[EventDate "2006.04.03"]
[EventType "tourn"]
[EventRounds "21"]
[EventCountry "IND"]
[Source "lmi"]
[SourceDate "2006.04.17"]

1. Nf3 d6 2. e4 c5 3. c3 Nf6 4. Bd3 Nc6 5. h3 g6 6. Bc2 Bg7 7. O-O O-O 8. Re1
b6 9. a3 c4 10. b3 cxb3 11. Bxb3 Ba6 12. d4 Rc8 13. Ba2 Na5 14. Bb2 d5 15. exd5
Bc4 16. Nbd2 Bxa2 17. Rxa2 Nxd5 18. Qc2 Qc7 19. Qd3 e6 20. Raa1 Rfd8 21. a4 Nc4
22. Bc1 Nxd2 23. Bxd2 Qc4 24. Qxc4 Rxc4 25. Rec1 Rdc8 26. a5 h6 27. axb6 axb6
28. Rcb1 g5 29. Kf1 Nxc3 30. Bxc3 Rxc3 31. Rxb6 Rxf3 32. gxf3 Bxd4 33. Rab1
Bxb6 34. Rxb6 Rc4 35. Rb7 Kg7 36. Kg2 Kg6 37. Kg3 e5 38. Rb6+ f6 39. Ra6 h5 40.
Rb6 Kf5 41. Ra6 g4 42. hxg4+ hxg4 43. fxg4+ Rxg4+ 44. Kf3 Rb4 45. Ra3 Kg5 46.
Re3 Rf4+ 47. Kg3 e4 48. Kg2 Rg4+ 49. Kf1 Kf4 50. Ra3 Rg8 51. Ke2 Rb8 52. Ra2
Rb3 53. Rc2 f5 54. Ra2 Kg4 55. Ra4 Rb2+ 56. Kf1 Rb1+ 57. Ke2 Rb3 58. Rc4 Kh3
59. Rc8 Rb2+ 60. Ke1 f4 61. Rg8 f3 62. Rh8+ Kg4 63. Rg8+ Kf4 64. Rf8+ Ke5 65.
Re8+ Kd4 66. Rd8+ Kc5 67. Rc8+ Kd6 68. Rd8+ Ke7 69. Ra8 Re2+ 70. Kf1 Ke6 71.
Re8+ Kd5 72. Rd8+ Kc4 73. Rc8+ Kd3 74. Rd8+ Kc2 75. Rc8+ Kd1 76. Rd8+ Rd2 77.
Rc8 Rd4 78. Rc7 Kd2 79. Rc8 Kd3 80. Rb8 Kc3 81. Rc8+ Rc4 82. Ra8 Kd4 83. Rd8+
Ke5 84. Re8+ Kf5 85. Rf8+ Ke6 86. Ke1 Rd4 87. Re8+ Kd5 88. Rd8+ Kc4 89. Rc8+
Kd3 90. Ra8 Rd5 91. Rb8 Ra5 92. Rd8+ Kc3 93. Rc8+ Kd4 94. Rd8+ Ke5 95. Re8+ Kf4
96. Rf8+ Rf5 97. Ra8 Rf7 98. Rb8 Rd7 99. Rf8+ Ke5 100. Re8+ Kd4 101. Ra8 Rd5
102. Rh8 Rg5 103. Rd8+ Ke5 104. Re8+ Kf4 105. Rf8+ Rf5 106. Ra8 Rb5 107. Rf8+
Ke5 108. Re8+ Kf5 109. Rf8+ Kg6 110. Rg8+ Kf7 111. Ra8 Rb2 112. Ra7+ Ke6
1/2-1/2

[Event "43. India ch"]
[Site "Visakhapatnam IND"]
[Date "2006.04.04"]
[Round "2.9"]
[White "Himanshu, Sharma"]
[Black "Ganguly, Surya Shekhar"]
[Result "1-0"]
[WhiteElo "2411"]
[BlackElo "2579"]
[PlyCount "205"]
[EventDate "2006.04.03"]
[EventType "tourn"]
[EventRounds "21"]
[EventCountry "IND"]
[Source "lmi"]
[SourceDate "2006.04.17"]

1. e4 c5 2. Nc3 Nc6 3. g3 g6 4. Bg2 Bg7 5. d3 e6 6. Be3 d6 7. Qd2 Rb8 8. Nge2
Nd4 9. Rb1 Ne7 10. O-O O-O 11. b4 b6 12. f4 Bb7 13. Bf2 Qd7 14. Nd1 Rfc8 15. c4
Nxe2+ 16. Qxe2 Nc6 17. b5 Nd4 18. Qe3 Ra8 19. Nc3 a6 20. a4 axb5 21. axb5 Ra3
22. Ne2 Rca8 23. g4 Nxe2+ 24. Qxe2 Ra2 25. Qf3 f5 26. gxf5 exf5 27. Qh3 Rxf2
28. Kxf2 Bd4+ 29. Kg3 Ra3 30. Rf3 Qg7 31. Re1 Ra2 32. Bf1 g5 33. Qxf5 gxf4+ 34.
Kh3 Kh8 35. Re2 Ra8 36. Qxf4 Be5 37. Rg2 Qc7 38. Qg5 Bc8+ 39. Kh4 Be6 40. Rf6
Rg8 41. Rxe6 Rxg5 42. Re8+ Kg7 43. Rxg5+ Kf7 44. Rgg8 Bf6+ 45. Kg3 d5+ 46. Kg2
dxe4 47. Be2 Bg7 48. Bh5+ Kf6 49. Rxe4 Qd7 50. Rf4+ Ke5 51. Rf7 Qd6 52. Rgxg7
Qh6 53. Re7+ Kd4 54. Be2 Qf6 55. Re4+ Kc3 56. Rg3 Kb4 57. Bf3 Qf5 58. Re3 h5
59. Be4 Qf4 60. Ref3 Qe5 61. h4 Qb2+ 62. Rf2 Qe5 63. Rg5 Qe6 64. Kg3 Qd6+ 65.
Rf4 Qd4 66. Kg2 Qe3 67. Rf2 Kc3 68. Rxh5 Qd4 69. Rg5 Qd8 70. Kg3 Qc7+ 71. Kh3
Qd7+ 72. Rgf5 Kd4 73. h5 Qg7 74. Kh4 Ke3 75. R2f3+ Kd4 76. Rg5 Qc7 77. Kg4 Qh2
78. Rd5+ Kc3 79. Rdf5 Kd4 80. Bd5 Qg2+ 81. Rg3 Qe2+ 82. Rff3 Qe8 83. Rf4+ Kc3
84. d4+ Kb4 85. dxc5 Kxc5 86. Bf7 Qe2+ 87. Rgf3 Qg2+ 88. Kh4 Qh2+ 89. Kg5 Qg2+
90. Kf6 Qb2+ 91. Kg6 Qg2+ 92. Kh7 Kd6 93. Rf6+ Ke5 94. R3f5+ Kd4 95. h6 Qg3 96.
Rg6 Qh3 97. Be6 Qh2 98. Rg4+ Kc3 99. Kg6 Qe2 100. Rg3+ Kd4 101. Rd5+ Kxc4 102.
Re5+ Kd4 103. Rxe2 1-0

[Event "43. India ch"]
[Site "Visakhapatnam IND"]
[Date "2006.04.04"]
[Round "3.1"]
[White "Deepan Chakkravarthy, J."]
[Black "Venkatesh, MR."]
[Result "1-0"]
[WhiteElo "2428"]
[BlackElo "2438"]
[PlyCount "117"]
[EventDate "2006.04.03"]
[EventType "tourn"]
[EventRounds "21"]
[EventCountry "IND"]
[Source "lmi"]
[SourceDate "2006.04.17"]

1. e4 c5 2. Nf3 Nc6 3. d4 cxd4 4. Nxd4 Nf6 5. Nc3 e5 6. Ndb5 d6 7. Nd5 Nxd5 8.
exd5 Nb8 9. c4 Be7 10. Be2 O-O 11. O-O a6 12. Nc3 f5 13. Rb1 Nd7 14. b4 Bf6 15.
Re1 e4 16. Bb2 Be5 17. Bf1 Qg5 18. Na4 Rf6 19. Bxe5 Nxe5 20. Rb3 Rh6 21. Nb6
Rb8 22. Qc1 Qf6 23. c5 Qd8 24. a4 Bd7 25. a5 Be8 26. Rg3 Rf6 27. Qg5 Bg6 28.
Rc3 Be8 29. Qc1 dxc5 30. bxc5 Rg6 31. Rg3 Rxg3 32. hxg3 Qf6 33. Qa1 f4 34. Nc4
fxg3 35. fxg3 Nxc4 36. Qxf6 gxf6 37. Bxc4 Kf8 38. Rxe4 Rc8 39. c6 bxc6 40. d6
Rd8 41. Re6 Rd7 42. Rxf6+ Kg7 43. Re6 Rd8 44. Bxa6 Bf7 45. Re7 Kf6 46. Bb7 Rxd6
47. Re1 Rd2 48. Bxc6 Bc4 49. Rc1 Bd3 50. Ra1 Ba6 51. Bf3 Kg7 52. Rc1 Rd6 53.
Rc6 Rxc6 54. Bxc6 Kf6 55. Kf2 Ke5 56. Bf3 Kd6 57. Be2 Bc8 58. a6 Kc7 59. a7 1-0

[Event "43. India ch"]
[Site "Visakhapatnam IND"]
[Date "2006.04.04"]
[Round "3.3"]
[White "Roy Chowdhury, Saptarshi"]
[Black "Gupta, Abhijeet"]
[Result "1/2-1/2"]
[WhiteElo "2393"]
[BlackElo "2434"]
[PlyCount "163"]
[EventDate "2006.04.03"]
[EventType "tourn"]
[EventRounds "21"]
[EventCountry "IND"]
[Source "lmi"]
[SourceDate "2006.04.17"]

1. e4 c5 2. Nf3 d6 3. d4 cxd4 4. Nxd4 Nf6 5. Nc3 Nc6 6. Bb5 Bd7 7. O-O e6 8. b3
Be7 9. Bb2 O-O 10. Re1 Qc7 11. Bxc6 Bxc6 12. Ncb5 Bxb5 13. Nxb5 Qb6 14. c4 a6
15. Nd4 Nd7 16. Qd2 Ne5 17. Rad1 Bf6 18. Bc3 Qc7 19. h3 Nc6 20. Nxc6 Bxc3 21.
Ne7+ Qxe7 22. Qxc3 Rfd8 23. Rd4 Rd7 24. Red1 Rad8 25. Qb4 Qg5 26. g3 Qh5 27.
Kg2 Qe2 28. R1d2 Qe1 29. c5 d5 30. exd5 exd5 31. Rxd5 h5 32. Rxd7 Rxd7 33. Rd4
Qe6 34. Re4 Qd5 35. Kh2 Rc7 36. Rc4 Qf5 37. Kg2 Qd5+ 38. Kh2 Qf5 39. Qe1 Rxc5
40. Qe8+ Kh7 41. Rf4 Qe6 42. Qxf7 Qxf7 43. Rxf7 b5 44. Kg2 b4 45. Ra7 Ra5 46.
Rb7 Rxa2 47. Rxb4 Rb2 48. Rb6 a5 49. Rb5 Kh6 50. h4 Ra2 51. Rb6+ g6 52. Rb7 Ra3
53. Rb6 Kg7 54. Kf1 Ra2 55. Kg2 Ra3 56. Kf1 Ra2 57. Ra6 Ra3 58. Ke2 Rxb3 59.
Rxa5 Kf6 60. Rd5 Ke6 61. Rd3 Rb2+ 62. Ke3 Kf5 63. Rd5+ Ke6 64. Ra5 Kf6 65. Rd5
Ra2 66. f3 Ra4 67. Rd4 Ra5 68. Rc4 Ra3+ 69. Ke4 Ra6 70. Rb4 Ke6 71. g4 hxg4 72.
fxg4 Ra5 73. Kf4 Kf6 74. Rb6+ Kg7 75. Rb7+ Kf6 76. Rb6+ Kg7 77. Rc6 Rb5 78. Ra6
Rc5 79. Ra7+ Kf6 80. Ra6+ Kf7 81. Ra8 Rb5 82. Ra7+ 1/2-1/2

[Event "43. India ch"]
[Site "Visakhapatnam IND"]
[Date "2006.04.04"]
[Round "3.4"]
[White "Ramesh, RB."]
[Black "Thejkumar, MS."]
[Result "1/2-1/2"]
[WhiteElo "2491"]
[BlackElo "2384"]
[PlyCount "120"]
[EventDate "2006.04.03"]
[EventType "tourn"]
[EventRounds "21"]
[EventCountry "IND"]
[Source "lmi"]
[SourceDate "2006.04.17"]

1. e4 c6 2. d4 d5 3. Nd2 dxe4 4. Nxe4 Bf5 5. Ng3 Bg6 6. h4 h6 7. Nf3 Nf6 8. Ne5
Bh7 9. Bd3 Bxd3 10. Qxd3 e6 11. f4 Nbd7 12. Be3 Bb4+ 13. c3 Be7 14. O-O-O O-O
15. Kb1 Qc7 16. Ne4 Nxe4 17. Qxe4 f5 18. Qf3 Nxe5 19. fxe5 c5 20. Qg3 cxd4 21.
Bxh6 Rf7 22. Rxd4 Bc5 23. Rd3 Rd8 24. Rhd1 Rxd3 25. Rxd3 Rd7 26. Bf4 Rxd3 27.
Qxd3 Qc6 28. g3 b5 29. a3 a5 30. b4 Be7 31. bxa5 Bxa3 32. c4 Bb4 33. cxb5 Qh1+
34. Ka2 Bxa5 35. Kb3 Qe1 36. Ka2 Qf2+ 37. Kb1 Qe1+ 38. Kc2 Qf2+ 39. Kb1 Qe1+
40. Bc1 Qxe5 41. Bb2 Qc7 42. Qe3 Qd6 43. Kc2 Bc7 44. h5 Kf7 45. h6 gxh6 46.
Qxh6 Qc5+ 47. Kb1 e5 48. Qh7+ Kf6 49. Qh6+ Kf7 50. Qg5 Qxb5 51. Qxf5+ Kg7 52.
g4 Qc6 53. Bxe5+ Bxe5 54. Qxe5+ Kg6 55. Qf5+ Kg7 56. Qf4 Kg6 57. Ka2 Qf6 58.
Qe3 Qa6+ 59. Kb3 Qb7+ 60. Ka3 Qa6+ 1/2-1/2

[Event "43. India ch"]
[Site "Visakhapatnam IND"]
[Date "2006.04.04"]
[Round "3.7"]
[White "Ravi, Lanka"]
[Black "Himanshu, Sharma"]
[Result "1/2-1/2"]
[WhiteElo "2423"]
[BlackElo "2411"]
[PlyCount "54"]
[EventDate "2006.04.03"]
[EventType "tourn"]
[EventRounds "21"]
[EventCountry "IND"]
[Source "lmi"]
[SourceDate "2006.04.17"]

1. d4 d5 2. c4 c6 3. Nc3 Nf6 4. e3 a6 5. a4 Bf5 6. Qb3 Ra7 7. a5 e6 8. Qb6 Qxb6
9. axb6 Ra8 10. c5 Nbd7 11. Nf3 Ne4 12. Nxe4 Bxe4 13. b4 Bxf3 14. gxf3 Rd8 15.
Rg1 g6 16. Bb2 Bg7 17. Bh3 f5 18. O-O-O Kf7 19. Rge1 Nf6 20. Rg1 Rd7 21. Bc3
Rhd8 22. Kc2 Rg8 23. Bf1 Bf8 24. h4 Be7 25. Be2 Rdd8 26. Rh1 Rg7 27. Rdg1 Rdg8
1/2-1/2

[Event "43. India ch"]
[Site "Visakhapatnam IND"]
[Date "2006.04.04"]
[Round "3.8"]
[White "Sharma, Dinesh K"]
[Black "Sandipan, Chanda"]
[Result "1/2-1/2"]
[WhiteElo "2370"]
[BlackElo "2522"]
[PlyCount "82"]
[EventDate "2006.04.03"]
[EventType "tourn"]
[EventRounds "21"]
[EventCountry "IND"]
[Source "lmi"]
[SourceDate "2006.04.17"]

1. d4 d5 2. c4 c6 3. Nf3 Nf6 4. e3 Bf5 5. cxd5 cxd5 6. Nc3 Nc6 7. Ne5 a6 8. g4
Bc8 9. h3 e6 10. Nxc6 bxc6 11. Bg2 Be7 12. O-O O-O 13. Bd2 a5 14. Qc2 Ba6 15.
Rfe1 Nd7 16. e4 Rc8 17. Be3 Nb6 18. Rad1 Qc7 19. Bf1 Bxf1 20. Rxf1 dxe4 21.
Qxe4 Nd5 22. Rc1 Qb8 23. Rc2 Kh8 24. Nxd5 cxd5 25. Qd3 f5 26. Rfc1 Rxc2 27.
Rxc2 Qe8 28. f4 fxg4 29. hxg4 Bd6 30. Rf2 Kg8 31. Bd2 a4 32. Qa6 Qd7 33. Qd3 g6
34. Kg2 Bc7 35. Qa6 e5 36. dxe5 Qxg4+ 37. Kf1 Rd8 38. Qc6 Qd1+ 39. Kg2 Qg4+ 40.
Kf1 Qd1+ 41. Kg2 Qg4+ 1/2-1/2

[Event "43. India ch"]
[Site "Visakhapatnam IND"]
[Date "2006.04.04"]
[Round "3.9"]
[White "Girinath, PDS."]
[Black "Koneru, Humpy"]
[Result "0-1"]
[WhiteElo "2350"]
[BlackElo "2537"]
[PlyCount "80"]
[EventDate "2006.04.03"]
[EventType "tourn"]
[EventRounds "21"]
[EventCountry "IND"]
[Source "lmi"]
[SourceDate "2006.04.17"]

1. e4 c6 2. Nc3 d5 3. Nf3 Nf6 4. e5 Ne4 5. h3 Bf5 6. d3 Nxc3 7. bxc3 e6 8. d4
Nd7 9. Bd3 Bg6 10. O-O Be7 11. a4 c5 12. c4 Bxd3 13. cxd3 dxc4 14. dxc4 cxd4
15. Qxd4 O-O 16. Ba3 Bxa3 17. Rxa3 Qe7 18. Rb3 Nc5 19. Rb5 Rac8 20. a5 Rfd8 21.
Qa1 a6 22. Rb6 Rd3 23. Rd1 Nb3 24. Qb1 Rxd1+ 25. Qxd1 Nxa5 26. Rd6 h6 27. Rd7
Qc5 28. Rd8+ Rxd8 29. Qxd8+ Kh7 30. Qd7 Nxc4 31. Qxf7 Nxe5 32. Nxe5 Qxe5 33.
Qxb7 a5 34. Qb1+ Kh8 35. Qd1 Qb5 36. Qd6 a4 37. Qxe6 Qb1+ 38. Kh2 a3 39. f4 a2
40. f5 Qb8+ 0-1

[Event "43. India ch"]
[Site "Visakhapatnam IND"]
[Date "2006.04.04"]
[Round "3.10"]
[White "Kamble, Vikramaditya"]
[Black "Sivanandan, BS."]
[Result "1/2-1/2"]
[WhiteElo "2403"]
[BlackElo "2452"]
[PlyCount "73"]
[EventDate "2006.04.03"]
[EventType "tourn"]
[EventRounds "21"]
[EventCountry "IND"]
[Source "lmi"]
[SourceDate "2006.04.17"]

1. Nf3 Nf6 2. c4 g6 3. Nc3 d5 4. cxd5 Nxd5 5. Qa4+ Bd7 6. Qh4 Nxc3 7. dxc3 Nc6
8. e4 e5 9. Bg5 Be7 10. Bc4 h6 11. Bxe7 Qxe7 12. Qg3 O-O-O 13. O-O g5 14. Bd5
f6 15. Rad1 Nb8 16. Nd2 Na6 17. Qd3 Kb8 18. Rfe1 h5 19. b4 c6 20. Bb3 Nc7 21.
Qe2 Bg4 22. f3 Be6 23. Nf1 Bxb3 24. axb3 Rxd1 25. Rxd1 Nb5 26. Qd3 Qe6 27. Nd2
Kc7 28. Nc4 Qe7 29. Ne3 Rd8 30. Qxd8+ Qxd8 31. Rxd8 Kxd8 32. Nd1 Kd7 33. Kf2 h4
34. Ke2 Ke6 35. Kd3 Nd6 36. Ne3 b6 37. Ke2 1/2-1/2

[Event "43. India ch"]
[Site "Visakhapatnam IND"]
[Date "2006.04.05"]
[Round "4.1"]
[White "Ganguly, Surya Shekhar"]
[Black "Ravi, Lanka"]
[Result "1/2-1/2"]
[WhiteElo "2579"]
[BlackElo "2423"]
[PlyCount "47"]
[EventDate "2006.04.03"]
[EventType "tourn"]
[EventRounds "21"]
[EventCountry "IND"]
[Source "lmi"]
[SourceDate "2006.04.17"]

1. e4 e5 2. Nf3 Nf6 3. Nxe5 d6 4. Nf3 Nxe4 5. d4 d5 6. Bd3 Bd6 7. O-O O-O 8.
Re1 Bf5 9. c4 c6 10. cxd5 cxd5 11. Nc3 Nxc3 12. bxc3 Bxd3 13. Qxd3 h6 14. Qb5
Qd7 15. Rb1 b6 16. Kf1 Qb7 17. Nh4 Na6 18. Nf5 Rfd8 19. Re8+ Rxe8 20. Nxd6 Qe7
21. Nxe8 Rxe8 22. Bf4 Rd8 23. Re1 Nc7 24. Rxe7 1/2-1/2

[Event "43. India ch"]
[Site "Visakhapatnam IND"]
[Date "2006.04.05"]
[Round "4.4"]
[White "Kunte, Abhijit"]
[Black "Girinath, PDS."]
[Result "1/2-1/2"]
[WhiteElo "2551"]
[BlackElo "2350"]
[PlyCount "60"]
[EventDate "2006.04.03"]
[EventType "tourn"]
[EventRounds "21"]
[EventCountry "IND"]
[Source "lmi"]
[SourceDate "2006.04.17"]

1. d4 f5 2. Nf3 Nf6 3. g3 e6 4. Bg2 d5 5. O-O Bd6 6. c4 c6 7. b3 Qe7 8. Bb2 O-O
9. Qc2 b6 10. Nc3 Bb7 11. Rfe1 Ne4 12. e3 Nd7 13. Ne2 c5 14. dxc5 bxc5 15. Red1
Nef6 16. Bxf6 Qxf6 17. Rac1 Rad8 18. cxd5 exd5 19. Nc3 Be7 20. Ne1 d4 21. Ne2
Ba6 22. Nd3 g5 23. exd4 cxd4 24. b4 Kh8 25. Qb3 Rb8 26. a3 Rfd8 27. Bf1 Bb7 28.
Ne1 a5 29. b5 f4 30. g4 Ne5 1/2-1/2

[Event "43. India ch"]
[Site "Visakhapatnam IND"]
[Date "2006.04.05"]
[Round "4.5"]
[White "Sundararajan, Kidambi"]
[Black "Das, Arghyadip"]
[Result "1/2-1/2"]
[WhiteElo "2495"]
[BlackElo "2402"]
[PlyCount "53"]
[EventDate "2006.04.03"]
[EventType "tourn"]
[EventRounds "21"]
[EventCountry "IND"]
[Source "lmi"]
[SourceDate "2006.04.17"]

1. Nf3 Nc6 2. d4 d5 3. c4 Bg4 4. Nc3 e6 5. Bg5 Be7 6. Bxe7 Ngxe7 7. e3 O-O 8.
h3 Bh5 9. cxd5 Nxd5 10. Bb5 Bxf3 11. Qxf3 Nxc3 12. bxc3 Qd5 13. Qxd5 exd5 14.
Bxc6 bxc6 15. Kd2 Rfb8 16. Rab1 Rb6 17. Rb3 Rab8 18. Rhb1 f5 19. Kd3 Kf7 20. c4
Ke6 21. Kc3 a5 22. R1b2 g6 23. Rc2 Rb4 24. cxd5+ cxd5 25. Kb2 Rxb3+ 26. axb3 a4
27. Rc3 1/2-1/2